Advances in cancer research. Volume 84 /

The Advances in Cancer Research series provides invaluable information on the exciting and fast-moving field of cancer research. This volume presents outstanding and original reviews on a variety of topics, including gene expression in inherited breast cancer, multiparameter analyses of cell cycle r...

Πλήρης περιγραφή

Λεπτομέρειες βιβλιογραφικής εγγραφής
Άλλοι συγγραφείς: Vande Woude, George F., Klein, George, 1925-2016
Μορφή: Ηλ. βιβλίο
Γλώσσα:English
Έκδοση: San Diego [Calif.] : Academic Press, ©2002.
Σειρά:Advances in cancer research ; 84
Θέματα:
Διαθέσιμο Online:Full Text via HEAL-Link
LEADER 03241nam a2200469 4500
001 ocn232610545
003 OCoLC
005 20180501121917.0
006 m o d
007 cr cnu---unuuu
008 080625s2002 caua ob 001 0 eng d
040 |a N$T  |b eng  |e pn  |c N$T  |d OCLCQ  |d UBY  |d IDEBK  |d E7B  |d OCLCQ  |d OPELS  |d OCLCQ  |d OCLCF  |d OCLCQ  |d OCLCA  |d GrThAP 
019 |a 505135562  |a 646747429 
020 |a 9780080569093  |q (electronic bk.) 
020 |a 0080569099  |q (electronic bk.) 
020 |a 012006684X  |q (electronic bk.) 
020 |a 9780120066841  |q (electronic bk.) 
035 |a (OCoLC)232610545  |z (OCoLC)505135562  |z (OCoLC)646747429 
050 4 |a RC267  |b .A38eb vol. 84 
072 7 |a MED  |x 062000  |2 bisacsh 
072 7 |a HEA  |x 039030  |2 bisacsh 
082 0 4 |a 616.99/40072  |2 22 
049 |a TEFA 
245 0 0 |a Advances in cancer research.  |n Volume 84 /  |c edited by George F. Vande Woude, George Klein. 
260 |a San Diego [Calif.] :  |b Academic Press,  |c ©2002. 
300 |a 1 online resource (x, 321 pages) :  |b illustrations. 
336 |a text  |b txt  |2 rdacontent 
337 |a computer  |b c  |2 rdamedia 
338 |a online resource  |b cr  |2 rdacarrier 
490 0 |a Advances in cancer research ;  |v 84 
504 |a Includes bibliographical references and index. 
588 0 |a Print version record. 
520 |a The Advances in Cancer Research series provides invaluable information on the exciting and fast-moving field of cancer research. This volume presents outstanding and original reviews on a variety of topics, including gene expression in inherited breast cancer, multiparameter analyses of cell cycle regulation in tumorigenesis, Rho GTPases in transformation and metastasis, the myc oncogene, genetic requirements for the episomal maintenance of oncogenic herpesvirus genomes, treatment of Epstein-Barr virus-associated malignancies with specific T cells, the role of glycogen synthase kinase-3 in cancer, chronic immune activation and inflammation in the pathogenesis of AIDS and cancer, and molecular biology of Hodgkin's lymphoma. * Gene Expression in Inherited Breast Cancer * Multiparameter Analyses of CellCycle Regulatory Proteins in Human Breast Cancer: A Key to Definition of Separate Pathways in Tumorigenesis * Rho GTPases in Transformation and Metastasis * The myc Oncogene: Marvelously Complex * Genetic Requirements for the Episomal Maintenance of Oncogenic Herpevirus Genomes * Treatment of Epstein-Barr Virus-Associated Malignancies with Specific T Cells * Role of Glycogen Synthase Kinase-3 in Cancer: Regulation Wnts and Other Signaling Pathways * Chronic Immune Activation and Inflammation in the Pathogenesis of AIDS and Cancer * Molecular Biology of Hodgkin's Lymphoma. 
650 0 |a Cancer  |x Research. 
650 7 |a MEDICAL  |x Oncology.  |2 bisacsh 
650 7 |a HEALTH & FITNESS  |x Diseases  |x Cancer.  |2 bisacsh 
650 7 |a Cancer  |x Research.  |2 fast  |0 (OCoLC)fst00845497 
655 4 |a Electronic books. 
700 1 |a Vande Woude, George F. 
700 1 |a Klein, George,  |d 1925-2016. 
776 0 8 |i Print version:  |t Advances in cancer research. Volume 84.  |d San Diego [Calif.] : Academic Press, ©2002  |z 9780120066841 
856 4 0 |u https://www.sciencedirect.com/science/bookseries/0065230X/84  |z Full Text via HEAL-Link